[Event "BSF Lang Weekend EMT "]
[Site "Copenhagen"]
[Date "2016.02.12"]
[Round "1"]
[White "Madsen, Michael Ole"]
[Black "Aabling Thomsen, Jakob"]
[Result "0-1"]
[WhiteElo "2071"]
[BlackElo "2329"]
[PlyCount "54"]
[EventDate "2016.02.12"]
[EventType "swiss"]
[EventRounds "7"]
[EventCountry "DEN"]

1. d4 g6 2. Nf3 Bg7 3. g3 f5 4. Bg2 Nf6 5. O-O O-O 6. b3 d6 7. Bb2 c6 8. Nbd2
Qe8 9. Re1 d5 10. c4 a5 11. Ne5 g5 12. e3 h6 13. Rc1 Nbd7 14. Qc2 Qh5 15. cxd5
Nxe5 16. dxe5 Nxd5 17. f4 Be6 18. a3 Nc7 19. Bd4 Bd5 20. Bc5 Bxg2 21. Kxg2 Nd5
22. Qc4 Rfd8 23. Bxe7 b5 24. Qxc6 Nxf4+ 25. Kh1 Rxd2 26. Qxa8+ Kh7 27. h4 Qg4
0-1

[Event "BSF Lang Weekend EMT "]
[Site "Copenhagen"]
[Date "2016.02.12"]
[Round "1"]
[White "Griffith, Kyron"]
[Black "Kistrup, Nicolai"]
[Result "1-0"]
[WhiteElo "2315"]
[BlackElo "2058"]
[PlyCount "63"]
[EventDate "2016.02.12"]
[EventType "swiss"]
[EventRounds "7"]
[EventCountry "DEN"]

1. e4 c5 2. Nf3 d6 3. d4 cxd4 4. Nxd4 Nf6 5. Nc3 g6 6. Be2 Bg7 7. O-O O-O 8.
Bg5 Nc6 9. Nb3 Bd7 10. f4 a6 11. a4 Rc8 12. Kh1 h6 13. Bh4 Be6 14. f5 Bd7 15.
Qd2 Kh7 16. Bg3 Qc7 17. Rad1 Rfd8 18. fxg6+ fxg6 19. Rxf6 Bxf6 20. Nd5 Qb8 21.
Nxf6+ exf6 22. Bxd6 Qa8 23. Qd5 Kg7 24. Bc4 Ne5 25. Bxe5 Be6 26. Bxf6+ Kxf6 27.
Qxe6+ Kg7 28. Nd4 Rf8 29. Qe7+ Kh8 30. Ne6 Rg8 31. Qf6+ Kh7 32. Rd7+ 1-0

[Event "BSF Lang Weekend EMT "]
[Site "Copenhagen"]
[Date "2016.02.12"]
[Round "1"]
[White "Karlsson, Ulf"]
[Black "Nilssen, John Arni"]
[Result "0-1"]
[WhiteElo "2045"]
[BlackElo "2285"]
[PlyCount "72"]
[EventDate "2016.02.12"]
[EventType "swiss"]
[EventRounds "7"]
[EventCountry "DEN"]

1. e4 c5 2. Nc3 Nc6 3. g3 g6 4. Bg2 Bg7 5. d3 Rb8 6. f4 d6 7. Be3 e6 8. Nf3 Nd4
9. Bf2 Nh6 10. h3 O-O 11. O-O f5 12. Rb1 Kh8 13. Qd2 Qa5 14. a3 Nf7 15. b4 Qd8
16. Nxd4 cxd4 17. Ne2 e5 18. c4 fxe4 19. dxe4 Be6 20. Rbc1 b6 21. g4 Rc8 22.
Nxd4 exd4 23. Bxd4 Qc7 24. Bxg7+ Kxg7 25. Qd4+ Kg8 26. f5 Bxc4 27. fxg6 hxg6
28. Rf6 Ne5 29. Rxd6 Rcd8 30. Rxd8 Rxd8 31. Qe3 Qd6 32. Qg3 b5 33. Qh4 Rf8 34.
Qh6 Qd4+ 35. Kh1 Rf2 36. Rg1 Bd3 0-1

[Event "BSF Lang Weekend EMT "]
[Site "Copenhagen"]
[Date "2016.02.12"]
[Round "1"]
[White "Ostergaard, Jens"]
[Black "Yssing, Klaus"]
[Result "1-0"]
[WhiteElo "2266"]
[BlackElo "2011"]
[PlyCount "47"]
[EventDate "2016.02.12"]
[EventType "swiss"]
[EventRounds "7"]
[EventCountry "DEN"]

1. d4 Nf6 2. Nf3 c5 3. d5 e6 4. c4 exd5 5. cxd5 d6 6. Nc3 g6 7. h3 Bg7 8. e4
Qe7 9. Bd3 O-O 10. O-O Na6 11. Re1 Bd7 12. Bf4 Nb4 13. Bc4 Rfd8 14. a3 Na6 15.
e5 dxe5 16. Bxe5 Qf8 17. Qb3 Ne8 18. Qxb7 Bxe5 19. Nxe5 Nac7 20. d6 Ne6 21.
Nxd7 Qxd6 22. Rad1 Qf4 23. Qe4 Qxe4 24. Nxe4 1-0

[Event "BSF Lang Weekend EMT "]
[Site "Copenhagen"]
[Date "2016.02.12"]
[Round "1"]
[White "Nielsen, Morten Majlund"]
[Black "Rostgaard, Tobias Valentin"]
[Result "0-1"]
[WhiteElo "1995"]
[BlackElo "2240"]
[PlyCount "80"]
[EventDate "2016.02.12"]
[EventType "swiss"]
[EventRounds "7"]
[EventCountry "DEN"]

1. e4 e5 2. Nf3 Nc6 3. Bb5 Nf6 4. O-O Nxe4 5. d4 Nd6 6. Bxc6 dxc6 7. dxe5 Nf5
8. Qxd8+ Kxd8 9. Nc3 Bd7 10. b3 h6 11. Bb2 Kc8 12. Rad1 b6 13. Ne2 a5 14. Nf4
a4 15. e6 Bxe6 16. Nxe6 fxe6 17. Ne5 axb3 18. Nf7 Rg8 19. Rd8+ Kb7 20. Rxa8
Kxa8 21. axb3 Bc5 22. Rd1 Nd6 23. Nxd6 cxd6 24. Bc3 d5 25. Kf1 g5 26. Re1 Rg6
27. Be5 Be7 28. Ke2 Bf6 29. Kf3 Bxe5 30. Rxe5 Rf6+ 31. Ke3 Kb7 32. h4 gxh4 33.
Rh5 Kc7 34. Rxh4 e5 35. f4 exf4+ 36. Rxf4 Rxf4 37. Kxf4 c5 38. g4 b5 39. Ke5
Kc6 40. c3 b4 0-1

[Event "BSF Lang Weekend EMT "]
[Site "Copenhagen"]
[Date "2016.02.12"]
[Round "1"]
[White "Pedersen, Henrik Dahl"]
[Black "Andersen, Daniel"]
[Result "1-0"]
[WhiteElo "2227"]
[BlackElo "1906"]
[PlyCount "63"]
[EventDate "2016.02.12"]
[EventType "swiss"]
[EventRounds "7"]
[EventCountry "DEN"]

1. e4 e6 2. Nf3 d5 3. e5 c5 4. g3 Nc6 5. Bg2 f6 6. d4 cxd4 7. exf6 Nxf6 8. Nxd4
Bc5 9. Nb3 Bb6 10. O-O O-O 11. Nc3 a6 12. Bf4 Bc7 13. Ne2 e5 14. Bg5 Ne7 15. f4
Bb6+ 16. Kh1 e4 17. Ned4 Nf5 18. Nxf5 Bxf5 19. Nd4 Qd7 20. Bxf6 Rxf6 21. c3 Bh3
22. Qd2 Bxg2+ 23. Kxg2 Rff8 24. Rad1 Rfd8 25. f5 Bxd4 26. Qxd4 Qb5 27. Rf2 Qc4
28. Qe5 Qxa2 29. Qe6+ Kh8 30. f6 gxf6 31. Qxf6+ Kg8 32. Rf5 1-0

[Event "BSF Lang Weekend EMT "]
[Site "Copenhagen"]
[Date "2016.02.12"]
[Round "1"]
[White "Gustafsson, Magnus"]
[Black "Thorsbro, Peter"]
[Result "0-1"]
[WhiteElo "1950"]
[BlackElo "2220"]
[PlyCount "92"]
[EventDate "2016.02.12"]
[EventType "swiss"]
[EventRounds "7"]
[EventCountry "DEN"]

1. e4 c6 2. d4 d5 3. e5 c5 4. Nf3 Bg4 5. c3 e6 6. Be2 Qb6 7. dxc5 Bxc5 8. Qa4+
Nc6 9. Qxg4 Bxf2+ 10. Kf1 Nge7 11. Na3 h5 12. Qa4 O-O 13. Qb5 Ng6 14. Qxb6 Bxb6
15. Nc2 f6 16. exf6 Rxf6 17. Ke1 e5 18. Be3 d4 19. cxd4 exd4 20. Bg5 Re8 21.
Kd2 d3 22. Bxd3 Rd6 23. Kc3 Nge5 24. Nxe5 Nxe5 25. Bb5 Rc8+ 26. Kb3 Rc5 27. a4
Nc6 28. Bxc6 bxc6 29. Bf4 Rd3+ 30. Ka2 Rxc2 31. g3 Bd4 32. Rab1 Rf3 33. Rhd1 c5
34. Rd2 Rxd2 35. Bxd2 Rf2 36. Be1 Rxh2 37. Kb3 Rh1 38. Kc2 Kf7 39. b3 Ke6 40.
Rd1 Kd5 41. Kd3 g5 42. Ke2 Ke4 43. a5 Rh2+ 44. Kf1 Kf3 45. Rd3+ Be3 46. a6 Rh1#
0-1

[Event "BSF Lang Weekend EMT "]
[Site "Copenhagen"]
[Date "2016.02.12"]
[Round "1"]
[White "Frank Nielsen, Marie"]
[Black "Schou Moldt, Thomas"]
[Result "1-0"]
[WhiteElo "1968"]
[BlackElo "2216"]
[PlyCount "113"]
[EventDate "2016.02.12"]
[EventType "swiss"]
[EventRounds "7"]
[EventCountry "DEN"]

1. e4 e5 2. Nf3 Nc6 3. Bb5 a6 4. Ba4 Nge7 5. O-O g6 6. c3 Bg7 7. d4 exd4 8.
cxd4 O-O 9. Nc3 b5 10. Bc2 Bb7 11. Bg5 f6 12. Be3 Na5 13. d5 Nc4 14. Qc1 Nxe3
15. Qxe3 Nc8 16. a4 Nd6 17. Nd2 b4 18. Ne2 a5 19. Rfe1 Re8 20. Qh3 Qe7 21. Rab1
Ba6 22. Nd4 Bc8 23. f4 c5 24. dxc6 dxc6 25. Qb3+ Kh8 26. N4f3 Qa7+ 27. Kh1 Be6
28. Qd3 Rad8 29. Qf1 Bc8 30. Bd3 Nf7 31. Bc4 Be6 32. b3 Nd6 33. Bxe6 Rxe6 34.
e5 Nf5 35. Nc4 fxe5 36. Nfxe5 Nd4 37. Qg1 c5 38. Qf1 Rf8 39. Qd3 Rxf4 40. Nf3
Rxe1+ 41. Rxe1 Rf8 42. Ng5 Qd7 43. Qg3 Qf5 44. h4 Ne2 45. Qe3 Nf4 46. Qf3 Qc2
47. Nd6 Qc3 48. Re3 Qc1+ 49. Kh2 h6 50. Ngf7+ Kg8 51. Qxf4 Qd2 52. Qe4 Qd1 53.
Qxg6 Qd4 54. Nxh6+ Kh8 55. Ndf7+ Rxf7 56. Nxf7+ Kg8 57. Re8# 1-0

[Event "BSF Lang Weekend EMT "]
[Site "Copenhagen"]
[Date "2016.02.12"]
[Round "1"]
[White "Ohayv, Nikolaj"]
[Black "Pedersen, Hans Dahl"]
[Result "0-1"]
[WhiteElo "1899"]
[BlackElo "2190"]
[PlyCount "74"]
[EventDate "2016.02.12"]
[EventType "swiss"]
[EventRounds "7"]
[EventCountry "DEN"]

1. e4 c5 2. Nc3 Nc6 3. f4 g6 4. Nf3 Bg7 5. g3 d6 6. Bg2 e5 7. d3 Nge7 8. O-O
O-O 9. Ne2 b6 10. c3 d5 11. exd5 Nxd5 12. fxe5 Nxe5 13. Nxe5 Bxe5 14. c4 Nc7
15. Bxa8 Nxa8 16. Rb1 Bg4 17. Be3 Re8 18. Qd2 Qe7 19. Nf4 Nc7 20. Rbe1 Qd6 21.
a3 f6 22. b4 g5 23. bxc5 bxc5 24. Ng2 Ne6 25. Rf2 Rd8 26. Rb1 Qxd3 27. Qxd3
Rxd3 28. a4 Nd4 29. Rbf1 Be2 30. Rxf6 Bxf6 31. Rxf6 Rd1+ 32. Ne1 Rxe1+ 33. Kg2
g4 34. Bh6 Bf3+ 35. Kf2 Re2+ 36. Kg1 Re8 37. Ra6 Re6 0-1

[Event "BSF Lang Weekend EMT "]
[Site "Copenhagen"]
[Date "2016.02.12"]
[Round "1"]
[White "Nielsen, Viktor"]
[Black "Kokholm, Daniel"]
[Result "1-0"]
[WhiteElo "2189"]
[BlackElo "1891"]
[PlyCount "97"]
[EventDate "2016.02.12"]
[EventType "swiss"]
[EventRounds "7"]
[EventCountry "DEN"]

1. e4 d6 2. d4 Nf6 3. Nc3 e5 4. dxe5 dxe5 5. Qxd8+ Kxd8 6. Bg5 Be6 7. Nf3 Nbd7
8. O-O-O Kc8 9. Bxf6 gxf6 10. Nh4 c6 11. Kb1 b5 12. Bd3 a6 13. Ne2 Kc7 14. Nf5
Bxf5 15. exf5 Rd8 16. Be4 Be7 17. Bf3 Nb6 18. Bh5 Rhf8 19. Nc3 Nc8 20. Ne4 Nd6
21. Ng3 Nc8 22. Rxd8 Kxd8 23. Rd1+ Nd6 24. a4 Kc7 25. axb5 axb5 26. c3 Ne8 27.
Kc2 Ng7 28. Bg4 Ne8 29. Ra1 Kb7 30. Ne4 Nc7 31. g3 Ne8 32. Rd1 Kc7 33. Ra1 Kb7
34. Rd1 Kc7 35. b4 Kc8 36. Kb3 Kc7 37. Bh5 Ng7 38. Bg4 Ne8 39. Nc5 Bxc5 40.
bxc5 Ng7 41. Bf3 Ne8 42. h4 h6 43. Be4 Rg8 44. Bf3 Rf8 45. c4 bxc4+ 46. Kxc4
Rh8 47. Ra1 Kd7 48. Ra6 Ng7 49. Ra7+ 1-0

[Event "BSF Lang Weekend EMT "]
[Site "Copenhagen"]
[Date "2016.02.12"]
[Round "1"]
[White "Jorgensen, Mikkel"]
[Black "Jacobsen, Mikkel Manosri"]
[Result "0-1"]
[WhiteElo "1871"]
[BlackElo "2188"]
[PlyCount "26"]
[EventDate "2016.02.12"]
[EventType "swiss"]
[EventRounds "7"]
[EventCountry "DEN"]

1. e4 c6 2. Nf3 d5 3. Nc3 Bg4 4. h3 Bxf3 5. Qxf3 e6 6. exd5 cxd5 7. Bb5+ Nc6 8.
O-O Bd6 9. Re1 Nge7 10. Ne2 O-O 11. d4 Qa5 12. Nc3 Nxd4 13. Qd1 Nxb5 0-1

[Event "BSF Lang Weekend EMT "]
[Site "Copenhagen"]
[Date "2016.02.12"]
[Round "1"]
[White "van den Brink, Nienke"]
[Black "Nielsen, Thomas Bach"]
[Result "0-1"]
[WhiteElo "1688"]
[BlackElo "2134"]
[PlyCount "64"]
[EventDate "2016.02.12"]
[EventType "swiss"]
[EventRounds "7"]
[EventCountry "DEN"]

1. e4 c6 2. f4 d5 3. e5 Bf5 4. Nf3 e6 5. d4 c5 6. Be2 Nc6 7. c3 Qb6 8. a4 cxd4
9. Nxd4 Nxd4 10. cxd4 Ne7 11. Nc3 Nc6 12. Bb5 Be7 13. g4 Be4 14. Nxe4 dxe4 15.
Qc2 O-O 16. Bxc6 bxc6 17. Be3 Qa5+ 18. Bd2 Qd5 19. Be3 Rab8 20. Rc1 Rb3 21. Qe2
Rfb8 22. Rc2 Qa5+ 23. Kf1 Qxa4 24. Rc4 Qb5 25. Bc1 Rd3 26. Rc2 Qd5 27. Be3 Qb3
28. Bc1 Rxd4 29. Rxc6 Qd5 30. Rc7 e3 31. Bxe3 Qxh1+ 32. Kf2 Bh4# 0-1

[Event "BSF Lang Weekend EMT "]
[Site "Copenhagen"]
[Date "2016.02.12"]
[Round "1"]
[White "Dalsberg, Sandra de Blecourt"]
[Black "Kristensen, Lars Ostergaard"]
[Result "1-0"]
[WhiteElo "2111"]
[BlackElo "1682"]
[PlyCount "97"]
[EventDate "2016.02.12"]
[EventType "swiss"]
[EventRounds "7"]
[EventCountry "DEN"]

1. d4 d5 2. c4 c6 3. cxd5 cxd5 4. Bf4 Nf6 5. Nc3 a6 6. e3 Qb6 7. a3 Bf5 8. Na4
Qd8 9. Nf3 e6 10. Be2 Bd6 11. Bxd6 Qxd6 12. Nc5 Nbd7 13. Rc1 O-O 14. O-O Rfc8
15. b4 Rc7 16. Qb3 b5 17. a4 Qb6 18. Ra1 Raa7 19. Rfc1 Qb8 20. axb5 axb5 21.
Rxa7 Rxa7 22. Nxd7 Nxd7 23. Qc3 h6 24. Qc6 Nf6 25. h3 Ne4 26. Ne5 Nd6 27. Nd7
Qd8 28. Qxd6 Qxd7 29. Qxd7 Rxd7 30. g4 Bg6 31. Rc5 Ra7 32. Rxb5 Ra1+ 33. Kg2
Ra2 34. Rb8+ Kh7 35. Bb5 Rb2 36. Be8 Be4+ 37. Kg3 g5 38. Bxf7 Rb1 39. Bg8+ Kg7
40. f3 Bd3 41. Bxe6 Rg1+ 42. Kf2 Rh1 43. Bxd5 Rf1+ 44. Kg2 Re1 45. e4 Rb1 46.
Kf2 Bf1 47. e5 Bxh3 48. Rg8+ Kh7 49. Be4+ 1-0

[Event "BSF Lang Weekend EMT "]
[Site "Copenhagen"]
[Date "2016.02.12"]
[Round "1"]
[White "Eiholt, Bjarne"]
[Black "Moe, Mogens"]
[Result "0-1"]
[WhiteElo "1612"]
[BlackElo "2105"]
[PlyCount "66"]
[EventDate "2016.02.12"]
[EventType "swiss"]
[EventRounds "7"]
[EventCountry "DEN"]

1. d4 Nf6 2. c4 g6 3. Nc3 d5 4. Bf4 Bg7 5. e3 O-O 6. Nf3 c5 7. dxc5 Qa5 8. Qb3
Ne4 9. Be5 dxc4 10. Bxc4 Nxc5 11. Qb5 Qxb5 12. Nxb5 Nc6 13. Bxg7 Kxg7 14. O-O
Bg4 15. Be2 Rfd8 16. Rfd1 a6 17. Nbd4 Nxd4 18. Nxd4 Bxe2 19. Nxe2 Nd3 20. Nd4
Nb4 21. a3 Nd5 22. Rac1 Rac8 23. h3 Nb6 24. b3 Kf6 25. Kf1 Nd5 26. Nf3 e6 27.
g3 Ke7 28. Ke2 Nc3+ 29. Ke1 Rxd1+ 30. Rxd1 Nxd1 31. Kxd1 Rc3 32. Nd4 e5 33. Nf3
Rxb3 0-1

[Event "BSF Lang Weekend EMT "]
[Site "Copenhagen"]
[Date "2016.02.12"]
[Round "1"]
[White "Laustsen, Lars"]
[Black "Hvidberg, Rasmus"]
[Result "1-0"]
[WhiteElo "2102"]
[BlackElo "1551"]
[PlyCount "53"]
[EventDate "2016.02.12"]
[EventType "swiss"]
[EventRounds "7"]
[EventCountry "DEN"]

1. d4 d5 2. c4 Nc6 3. Nc3 Nf6 4. cxd5 Nxd5 5. e4 Nf6 6. Nf3 Bg4 7. Be3 e5 8. d5
Nb8 9. Qa4+ Bd7 10. Qb3 b6 11. Nxe5 Bd6 12. Nc4 Qe7 13. Nxd6+ cxd6 14. Bd3 O-O
15. O-O Bc8 16. Qc2 Nbd7 17. b4 Ne5 18. Be2 Bb7 19. Rac1 Rac8 20. Qb3 Ned7 21.
f3 a6 22. Rfd1 Rc7 23. Bf1 Rfc8 24. Ne2 Ne5 25. Bxb6 Rc4 26. Rxc4 Nxc4 27. Bf2
1-0

[Event "BSF Lang Weekend EMT "]
[Site "Copenhagen"]
[Date "2016.02.12"]
[Round "1"]
[White "Pedersen, Bo V"]
[Black "Brondal, Paul"]
[Result "0-1"]
[WhiteElo "1549"]
[BlackElo "2100"]
[PlyCount "94"]
[EventDate "2016.02.12"]
[EventType "swiss"]
[EventRounds "7"]
[EventCountry "DEN"]

1. d4 Nf6 2. c4 g6 3. Nc3 Bg7 4. e3 O-O 5. Nf3 d6 6. Be2 c6 7. O-O a6 8. a4 a5
9. b3 Na6 10. Bb2 Qc7 11. Qc2 Bf5 12. Qd2 Rad8 13. Nh4 Bc8 14. h3 e5 15. d5 Nc5
16. Qc2 Qb6 17. Bd1 e4 18. g4 h6 19. Ba3 Rfe8 20. Bxc5 Qxc5 21. Qd2 Nxd5 22.
Rc1 Nxc3 23. Rxc3 Bxc3 24. Qxc3 Qe5 25. Qc2 h5 26. Qe2 hxg4 27. hxg4 Kg7 28.
Ng2 g5 29. f4 exf3 30. Qxf3 Be6 31. Bc2 Rh8 32. Kf2 Rh6 33. Ke2 Rf6 34. Bf5 Rh8
35. e4 Rh2 36. Kf2 Qb2+ 37. Kg1 Rfh6 38. Ne3 R6h3 39. Rf2 Rxf3 40. Rxb2 Rxb2
41. Nd1 Rb1 42. Kg2 Rfxb3 43. Nf2 Bxc4 44. e5 dxe5 45. Bxb1 Rxb1 46. Kf3 Bd5+
47. Ke3 Rb3+ 0-1

[Event "BSF Lang Weekend EMT "]
[Site "Copenhagen"]
[Date "2016.02.12"]
[Round "1"]
[White "Nielsen, Klaus"]
[Black "Liu, Casper Yukun"]
[Result "1-0"]
[WhiteElo "2097"]
[BlackElo "1519"]
[PlyCount "73"]
[EventDate "2016.02.12"]
[EventType "swiss"]
[EventRounds "7"]
[EventCountry "DEN"]

1. Nf3 Nc6 2. d4 d5 3. Bf4 Bf5 4. a3 e6 5. e3 Bd6 6. Bg3 Nge7 7. c4 Qd7 8. Nc3
a6 9. b4 Na7 10. Be2 Bg4 11. c5 Bxg3 12. hxg3 Nec6 13. Qb3 b5 14. cxb6 cxb6 15.
Bxa6 Bxf3 16. gxf3 Nc8 17. Bb5 Nd6 18. Bd3 h6 19. O-O O-O 20. Kg2 Rfc8 21. Rfc1
Na7 22. b5 Nc4 23. a4 Rc7 24. Ra2 Rac8 25. Rac2 Na5 26. Qb4 Nc4 27. e4 dxe4 28.
Nxe4 Na5 29. Rc3 Rxc3 30. Rxc3 Rd8 31. Bf1 f5 32. Nc5 Qxd4 33. Qxd4 Rxd4 34.
Nxe6 Rxa4 35. Rc7 Nb3 36. Rxg7+ Kh8 37. Rc7 1-0

[Event "BSF Lang Weekend EMT "]
[Site "Copenhagen"]
[Date "2016.02.12"]
[Round "1"]
[White "Jorgensen, Olav Erstad"]
[Black "Fredericia, Louise Winther"]
[Result "0-1"]
[WhiteElo "1423"]
[BlackElo "2093"]
[PlyCount "42"]
[EventDate "2016.02.12"]
[EventType "swiss"]
[EventRounds "7"]
[EventCountry "DEN"]

1. e4 e6 2. d4 d5 3. e5 c5 4. c3 Nc6 5. Nf3 Bd7 6. Be2 Nge7 7. Be3 Nf5 8. O-O
Qb6 9. Qd2 Rc8 10. Rd1 Nxe3 11. fxe3 Be7 12. Na3 O-O 13. Rab1 f6 14. Nc2 Qc7
15. exf6 Rxf6 16. Bd3 Rcf8 17. Rf1 c4 18. Be2 Rh6 19. g3 Rff6 20. Kg2 Rfg6 21.
b3 Rxh2+ 0-1

[Event "BSF Lang Weekend EMT "]
[Site "Copenhagen"]
[Date "2016.02.12"]
[Round "1"]
[White "Eriksson, Christian Altenburg"]
[Black "Moller, Arne"]
[Result "1-0"]
[WhiteElo "2182"]
[BlackElo "1853"]
[PlyCount "99"]
[EventDate "2016.02.12"]
[EventType "swiss"]
[EventRounds "7"]
[EventCountry "DEN"]

1. e4 c5 2. c3 d5 3. exd5 Qxd5 4. d4 e6 5. Nf3 Nc6 6. Na3 cxd4 7. Nb5 Bd6 8.
Be2 Bb8 9. cxd4 a6 10. Nc3 Qd8 11. Bg5 Nge7 12. O-O f6 13. Be3 O-O 14. Rc1 Nd5
15. Bc4 Nce7 16. Bb3 Kh8 17. Re1 b5 18. Ne4 Nf5 19. Nc5 Nfxe3 20. fxe3 f5 21.
Qd3 Rf6 22. Ne5 Ra7 23. g3 Rh6 24. Nc6 Qd6 25. Nxb8 Qxb8 26. e4 Nf4 27. gxf4
Qxf4 28. Rc2 Rc7 29. Rg2 Qd6 30. Qd2 e5 31. exf5 Re7 32. Ne4 Qxd4+ 33. Qxd4
exd4 34. f6 Rxf6 35. Nxf6 Rxe1+ 36. Kf2 Rb1 37. Nd5 Rxb2+ 38. Kg3 Rb1 39. Rd2
Rg1+ 40. Kf4 g5+ 41. Ke5 h5 42. Nf6 Re1+ 43. Kxd4 h4 44. Rg2 Rf1 45. Rxg5 Rxf6
46. Rg8+ Kh7 47. Rxc8 Kg6 48. Rg8+ Kf5 49. Ke3 Rb6 50. Bc2+ 1-0

[Event "BSF Lang Weekend EMT "]
[Site "Copenhagen"]
[Date "2016.02.12"]
[Round "1"]
[White "Henriksen, Christian Steen"]
[Black "Akdag, Dara Sevkan"]
[Result "0-1"]
[WhiteElo "1840"]
[BlackElo "2182"]
[PlyCount "100"]
[EventDate "2016.02.12"]
[EventType "swiss"]
[EventRounds "7"]
[EventCountry "DEN"]

1. d4 Nf6 2. c4 c5 3. d5 e6 4. Nc3 exd5 5. cxd5 d6 6. e4 g6 7. Nf3 Bg7 8. Bg5
O-O 9. Bd3 Re8 10. O-O a6 11. a4 Bg4 12. h3 Bxf3 13. Qxf3 Nbd7 14. Rfe1 Ne5 15.
Qe3 Nxd3 16. Qxd3 Qc7 17. Be3 Nd7 18. f4 c4 19. Qf1 Nc5 20. Qxc4 Bxc3 21. Qxc3
Rxe4 22. Rac1 Qb6 23. Bd4 Qb3 24. Rxe4 Qxc3 25. Rxc3 Nxe4 26. Rc7 Ng3 27. Kf2
Nf5 28. Bb6 Kf8 29. Rxb7 Ne7 30. Bc7 Nc8 31. Bd8 Ke8 32. Bf6 Ra7 33. Rxa7 Nxa7
34. Ke3 Nc8 35. Kd4 Kd7 36. b4 Kc7 37. b5 a5 38. g4 Nb6 39. Ke4 Nxa4 40. Bd4
Nb6 41. f5 a4 42. Kf4 Nxd5+ 43. Kg5 gxf5 44. gxf5 a3 45. Kh6 Ne7 46. Kg5 a2 47.
Kf6 Kd7 48. h4 Ke8 49. Kg5 h6+ 50. Kf6 Kf8 0-1

[Event "BSF Lang Weekend EMT "]
[Site "Copenhagen"]
[Date "2016.02.12"]
[Round "1"]
[White "Vasli, Aref"]
[Black "Mouritsen, Jan"]
[Result "1-0"]
[WhiteElo "2169"]
[BlackElo "1802"]
[PlyCount "101"]
[EventDate "2016.02.12"]
[EventType "swiss"]
[EventRounds "7"]
[EventCountry "DEN"]

1. d4 Nf6 2. Nf3 g6 3. Nc3 d5 4. Bf4 Bg7 5. Qd2 O-O 6. Bh6 c5 7. Bxg7 Kxg7 8.
e3 b6 9. Be2 Ba6 10. Rd1 e6 11. O-O Bxe2 12. Qxe2 Nc6 13. dxc5 bxc5 14. e4 d4
15. e5 Nh5 16. Qe4 Rc8 17. Ne2 f5 18. exf6+ Qxf6 19. Nc1 Qf5 20. Rfe1 Nf4 21.
Nd3 Nxd3 22. Rxd3 Qxe4 23. Rxe4 Rce8 24. Rb3 e5 25. Rb5 c4 26. Rc5 Rf6 27. Rxc4
Rd6 28. Rc5 Kf6 29. g3 g5 30. Kg2 Kf5 31. Re1 h5 32. Nd2 Nb4 33. a3 Na6 34. Nc4
Rde6 35. Ra5 g4 36. Rd5 Kf6 37. Ra5 R8e7 38. h4 Kf5 39. c3 dxc3 40. bxc3 Re8
41. Nxe5 Rxe5 42. Rexe5+ Rxe5 43. Rxa6 Rc5 44. Rxa7 Rxc3 45. a4 Ke6 46. a5 Kd6
47. Rh7 Rc5 48. a6 Ra5 49. a7 Ke6 50. Rh6+ Kf7 51. Rxh5 1-0

[Event "BSF Lang Weekend EMT "]
[Site "Copenhagen"]
[Date "2016.02.12"]
[Round "1"]
[White "Nilssen, Ellen Fredericia"]
[Black "Thuesen, Mogens Henrik"]
[Result "0-1"]
[WhiteElo "1799"]
[BlackElo "2169"]
[PlyCount "72"]
[EventDate "2016.02.12"]
[EventType "swiss"]
[EventRounds "7"]
[EventCountry "DEN"]

1. d4 Nf6 2. c4 e6 3. Nc3 c5 4. e3 cxd4 5. exd4 d5 6. Nf3 Bb4 7. Bd3 dxc4 8.
Bxc4 O-O 9. O-O Nbd7 10. Ne2 Nb6 11. Bb3 Bd7 12. a3 Be7 13. Bf4 Nbd5 14. Bg3
Qb6 15. Re1 Rfd8 16. Ne5 Be8 17. Rc1 Rac8 18. Nc4 Qa6 19. Nf4 Nxf4 20. Bxf4 Nd5
21. Bg3 Bf6 22. Ne5 Rxc1 23. Qxc1 Qb6 24. Qc4 Ne7 25. Rd1 Bb5 26. Qc5 Nf5 27.
Qxb6 axb6 28. a4 Be2 29. Rc1 Nxd4 30. Ba2 Ba6 31. Re1 Ne2+ 32. Kh1 Nxg3+ 33.
hxg3 Bxe5 34. Rxe5 Rd2 35. Re3 Rxb2 36. Rc3 g6 0-1

[Event "BSF Lang Weekend EMT "]
[Site "Copenhagen"]
[Date "2016.02.13"]
[Round "2"]
[White "Aabling Thomsen, Jakob"]
[Black "Vasli, Aref"]
[Result "1-0"]
[WhiteElo "2329"]
[BlackElo "2169"]
[PlyCount "151"]
[EventDate "2016.02.12"]
[EventType "swiss"]
[EventRounds "7"]
[EventCountry "DEN"]

1. Nf3 Nf6 2. g3 g6 3. Bg2 Bg7 4. c4 O-O 5. Nc3 d6 6. d3 e5 7. Rb1 h6 8. b4 Nh5
9. e4 Nc6 10. h3 f5 11. Nh4 Nf4 12. Bxf4 exf4 13. Ne2 fxg3 14. fxg3 f4 15. O-O
fxg3 16. Nxg6 Rf2 17. Nxg3 Rxf1+ 18. Qxf1 Qg5 19. Nf5 Qxg6 20. b5 Bxf5 21. exf5
Bd4+ 22. Kh1 Qg3 23. bxc6 bxc6 24. Bxc6 Rf8 25. Be4 Kh8 26. Qg2 Qh4 27. Bd5 Qg5
28. Rf1 Qxg2+ 29. Kxg2 Kg7 30. Rf4 Be5 31. Rg4+ Kh7 32. c5 dxc5 33. Ra4 Kg7 34.
Be4 Kf6 35. Rxa7 Rg8+ 36. Kf2 Bd6 37. Ra6 Ke5 38. a4 Rb8 39. Kf3 Rb3 40. Ke3 c4
41. Rc6 cxd3 42. Bxd3 Rb4 43. a5 Kd5 44. Rc2 Ra4 45. a6 c5 46. Bc4+ Ke5 47. Bd3
c4 48. Bxc4 Kxf5 49. Bd3+ Ke5 50. Rc8 Kd5 51. Kf3 Ra3 52. Kg4 Bc5 53. Bb5 h5+
54. Kf5 Rf3+ 55. Kg6 Rxh3 56. Rd8+ Ke5 57. Bc6 Bg1 58. Rd5+ Ke6 59. Rd1 Rg3+
60. Kxh5 Bc5 61. Bd7+ Ke7 62. Rd5 Ra3 63. Bc8 Be3 64. Kg4 Rc3 65. Bf5 Ra3 66.
Bd3 Ke6 67. Bc4 Ke7 68. Kf5 Rc3 69. Re5+ Kd6 70. Re6+ Kc7 71. Bd5 Bg1 72. Rg6
Bd4 73. Rg4 Bc5 74. Ra4 Kb8 75. Ke6 Ra3 76. a7+ 1-0

[Event "BSF Lang Weekend EMT "]
[Site "Copenhagen"]
[Date "2016.02.13"]
[Round "2"]
[White "Akdag, Dara Sevkan"]
[Black "Griffith, Kyron"]
[Result "1-0"]
[WhiteElo "2182"]
[BlackElo "2315"]
[PlyCount "109"]
[EventDate "2016.02.12"]
[EventType "swiss"]
[EventRounds "7"]
[EventCountry "DEN"]

1. d4 d5 2. c4 e6 3. Nc3 c5 4. cxd5 exd5 5. Nf3 Nc6 6. g3 Nf6 7. Bg2 Be7 8. O-O
O-O 9. dxc5 Bxc5 10. Bg5 d4 11. Bxf6 Qxf6 12. Ne4 Qe7 13. Nxc5 Qxc5 14. Qd2 Bf5
15. Qf4 Bg6 16. Rac1 Qb6 17. Qd2 Rfe8 18. Rfe1 Rad8 19. Nh4 a5 20. Nxg6 hxg6
21. Bxc6 bxc6 22. Rc4 Rd5 23. b3 Re6 24. Rec1 Rde5 25. R1c2 c5 26. Qd3 Qd6 27.
Qf3 Re8 28. Ra4 Rf5 29. Qb7 Qf6 30. Qb5 Rd8 31. Qxa5 c4 32. Qa6 Rd6 33. Qxc4 g5
34. Ra8+ Kh7 35. Qd3 g4 36. Rc5 g6 37. Rxf5 gxf5 38. Rc8 Kg7 39. b4 Qe6 40. Rc2
Qd5 41. a4 Qe4 42. a5 Kf6 43. b5 Rd5 44. Rb2 Qe5 45. a6 Rc5 46. b6 Rc1+ 47. Kg2
Qd5+ 48. f3 Rc3 49. Rb5 gxf3+ 50. Kf2 Qe4 51. Rxf5+ Kxf5 52. Qxe4+ Kxe4 53. a7
Ra3 54. b7 Rxa7 55. b8=Q 1-0

[Event "BSF Lang Weekend EMT "]
[Site "Copenhagen"]
[Date "2016.02.13"]
[Round "2"]
[White "Nilssen, John Arni"]
[Black "Andersen, Rune"]
[Result "1-0"]
[WhiteElo "2285"]
[BlackElo "2149"]
[PlyCount "63"]
[EventDate "2016.02.12"]
[EventType "swiss"]
[EventRounds "7"]
[EventCountry "DEN"]

1. d4 d5 2. c4 c6 3. Nf3 Nf6 4. Nc3 e6 5. e3 Nbd7 6. Bd3 dxc4 7. Bxc4 b5 8. Be2
b4 9. Na4 Bb7 10. O-O Bd6 11. a3 a5 12. Qb3 O-O 13. Bd2 Qe7 14. axb4 axb4 15.
Qc2 c5 16. dxc5 Nxc5 17. Bxb4 Be4 18. Qd1 Rfd8 19. Nxc5 Bxc5 20. Rxa8 Rxa8 21.
Bc3 Nd5 22. Bd4 Bd6 23. Bd3 Bxd3 24. Qxd3 Rd8 25. Rd1 f6 26. Qb3 Qf7 27. g3 g5
28. e4 Rb8 29. Qc4 Qh5 30. Rd3 Rb4 31. Qc8+ Kf7 32. exd5 1-0